• 首页
  • 本馆介绍
  • 公告通知
  • 最新文献
  • 馆藏检索
  • 电子资源
  • 读者导购
  • 参考咨询
  • 我的图书馆
  • 登录
  • 详细信息显示
  • 放入我的书架
  • 预约/预借图书
  • 作者相关作品
  • 分类相关作品
  • 丛书相关作品
  • 出版社相关作品

书目信息

  • 表格格式
  • 工作单格式
  • 卡片格式
题名:
新型柴油发动机电控系统及常见重载汽车电路资料图集
    
 
作者: 于海东 , 胡波勇 主编
分册:  
出版信息: 北京   化学工业出版社  2016.8
页数: 191页
开本: 29cm
丛书名:
单 册:
中图分类: U464.172-64 , U463.62-64
科图分类:
主题词: 汽车--柴油机--电气控制系统--图集 , 汽车--电路图--图集
电子资源:
ISBN: 978-7-122-26604-0
000 01299nam0 2200265 450
001 0400001963
005 20171019205504.0
010    @a978-7-122-26604-0@dCNY58.00
100    @a20160923d2016 em y0chiy50 ea
101 0  @achi
102    @aCN@b110000
105    @aa z 000yy
106    @ar
200 1  @a新型柴油发动机电控系统及常见重载汽车电路资料图集@9xin xing chai you fa dong ji dian kong xi tong ji chang jian zhong zai qi che dian lu zi liao tu ji@f于海东,胡波勇主编
210    @a北京@c化学工业出版社@d2016.8
215    @a191页@d29cm
330    @a本书主要介绍了目前主流柴油发动机电控系统以及市面上常见的重型载货汽车车身电气线路图,既包括电气线路图、线束图、发动机电控系统针脚图,还包括ECU针脚说明、故障码及常见故障的排除与检修数据参考。柴油发动机电控系统方面的具体品牌包括玉柴、潍柴、锡柴、康明斯、博世、德尔福、电装、维特等;重型载货汽车车身电气线路图方面的具体品牌包括重汽豪沃、东风天龙/锦龙/霸龙、一汽解放、陕汽F2000/F3000/德御/德龙/奥龙、福田欧曼、金龙客车、五十铃、道依茨、康明斯等。
606 0  @a汽车@x柴油机@x电气控制系统@j图集
606 0  @a汽车@x电路图@j图集
690    @aU464.172-64@v5
690    @aU463.62-64@v5
701  0 @a于海东@9yu hai dong@4主编
701  0 @a胡波勇@9hu bo yong@4主编
801  0 @aCN@b91MARC@c20171019
905    @b1031100-4@dU464.172-64@f5@e519
    
    新型柴油发动机电控系统及常见重载汽车电路资料图集/于海东,胡波勇主编.-北京:化学工业出版社,2016.8
    191页;29cm
    
    
    ISBN 978-7-122-26604-0:CNY58.00
    本书主要介绍了目前主流柴油发动机电控系统以及市面上常见的重型载货汽车车身电气线路图,既包括电气线路图、线束图、发动机电控系统针脚图,还包括ECU针脚说明、故障码及常见故障的排除与检修数据参考。柴油发动机电控系统方面的具体品牌包括玉柴、潍柴、锡柴、康明斯、博世、德尔福、电装、维特等;重型载货汽车车身电气线路图方面的具体品牌包括重汽豪沃、东风天龙/锦龙/霸龙、一汽解放、陕汽F2000/F3000/德御/德龙/奥龙、福田欧曼、金龙客车、五十铃、道依茨、康明斯等。
●
相关链接 在E读中查询图书 在五车中查询图书 在当当中查询图书 在豆瓣中查询图书


正题名:新型柴油发动机电控系统及常见重载汽车电路资料图集     索取号:U464.172-64/519         预约/预借

序号 登录号 条形码 馆藏地/架位号 状态 备注
1 1031100   210311009   第二样本阅览室/ [索取号:U464.172-64/519] 在馆    
2 1031101   210311018   密集书库-物理学院/ [索取号:U464.172-64/519] 在馆    
3 1031102   210311027   第三借阅区/ [索取号:U464.172-64/519] 在馆    
4 1031103   210311036   第三借阅区/ [索取号:U464.172-64/519] 在馆    
5 1031104   210311045   第三借阅区/ [索取号:U464.172-64/519] 在馆    
唐山师范学院图书馆 欢迎您!
大连网信软件有限公司© 版权所有